[Event "EYCC Open-U18 2019"]
[Site "Bratislava"]
[Date "2019.08.05"]
[Round "4.35"]
[White "Kaspar, Lukas"]
[Black "Stijve, Theo"]
[Result "1/2-1/2"]
[WhiteElo "1886"]
[BlackElo "2336"]
[Annotator "TA"]
[PlyCount "114"]
[EventDate "2019.08.02"]
[EventType "swiss"]
[EventCountry "SVK"]
[SourceTitle "playchess.com"]
[Source "ChessBase"]
[SourceQuality "1"]

{[%evp 9,114,-6,-26,-24,-5,-7,-7,-12,0,-33,-27,-76,-83,-74,-61,-74,-66,-57,-75,-79,-78,-73,-74,-71,-66,-86,-34,-21,-33,-55,-52,-81,-52,-59,-19,-33,-34,-35,-9,-10,44,37,160,0,0,0,30,-91,-85,-302,-285,-302,-15,0,0,0,0,-17,0,-10,0,0,0,-21,-6,0,0,0,0,0,0,0,26,23,27,0,0,0,0,0,0,0,0,0,0,0,16,8,8,0,0,0,0,0,0,0,0,0,16,16,16,0,0,0,16,0,0]} 1. b3 e5 2. Bb2 Nc6 3. e3 d5 4. Nf3 Bd6 5. d4 (5. c4 Nf6 6. cxd5 Nxd5 7. d3 O-O 8. a3 f5 9. Nbd2 Be6 10. b4 a6 11. Be2 Kh8 12. Nc4 Qf6 {1-0 (44) Khismatullin,D (2621)-Baron,T (2532) St Petersburg 2018}) 5... e4 6. Nfd2 {A01: Nimzowitsch-Larsen Opening} f5 7. c4 Nf6 8. Nc3 Be6 9. cxd5 $146 ({Predecessor:} 9. Be2 O-O 10. O-O Qd7 11. cxd5 Nxd5 12. Na4 Rad8 {½-½ (34) Lee,X-Agu,A Al Ain 2013}) 9... Nxd5 10. a3 Nxe3 11. fxe3 {Hoping for Qh5+.} Qh4+ $1 {[%mdl 64] Double Attack} 12. Ke2 $1 ({But not} 12. g3 $2 Bxg3+ 13. hxg3 Qxg3+ 14. Ke2 f4 $19) 12... Bf7 13. g3 $1 {[%cal Rg3h4]} Bxg3 14. hxg3 Qxh1 15. Kf2 O-O-O 16. Bg2 Qh6 17. Ne2 Rhf8 (17... Qg5 $17) 18. Qc2 $15 g5 19. Rh1 Qg6 20. b4 a6 21. Rc1 Qd6 (21... Bd5 $5 {[%cal Rf5f4]} 22. Nc4 Kb8 $11) 22. Nc4 Bxc4 23. Qxc4 h5 24. Qc5 Qd7 (24... Ne7 $11) 25. a4 $14 h4 (25... Qe7 $14) 26. gxh4 $2 (26. b5 $1 $16 {[%cal Rb5c6]} hxg3+ 27. Nxg3 axb5 28. axb5) 26... f4 $1 $11 {[%cal Rf4f3] ...f3 is the strong threat.} 27. exf4 e3+ (27... gxf4 $5 {[%cal Rf4f3]} 28. Bxe4 Qh3 $11) 28. Kxe3 {[#]} (28. Ke1 $1 $11 {remains equal.} gxf4 29. b5 (29. Bxc6 Qxc6 30. Qxc6 bxc6 $11)) 28... gxf4+ $1 $17 29. Kf2 $2 (29. Nxf4 $17 Rde8+ 30. Kd3 Rxf4 31. Bxc6 bxc6 32. Qxc6 Qf5+ 33. Kc4 Qf7+ 34. Qd5) 29... f3 $1 $19 {[%cal Rf3g2]} 30. Bxf3 {[#]} Qh3 $2 (30... Qg4 $1 $19 31. Rc3 Qxh4+ 32. Ke3 Qe1 33. Bg4+ Kb8) 31. Qh5 $11 Rde8 (31... Nxb4 $5 32. Rc3 $8 Kb8 $11) 32. Rg1 $1 {aiming for Qxe8+!} Kb8 33. Qg4 Qh2+ 34. Rg2 Qh1 35. Rg1 $1 {[%cal Rg1h1]} Qh2+ 36. Rg2 Qd6 37. Kg1 Qxb4 38. Bxc6 bxc6 39. Bc3 Qb1+ 40. Kh2 {Strongly threatening Ng3.} Qd3 {Threatens to win with ...Re4.} 41. Bb4 Re4 $1 {[%cal Re4g4]} 42. Qxe4 (42. Qg5 {is more complex.} Rh8 43. Nf4 Qe3 44. Ng6 Qxd4 45. Be7) 42... Qxe4 {The position is equal.} 43. Bxf8 Qxh4+ 44. Kg1 Qe1+ 45. Kh2 Qh4+ 46. Kg1 Qe1+ 47. Kh2 Qa5 48. Bc5 Qxa4 49. Kg3 Qa2 50. Kf2 a5 51. Rg3 Kb7 52. Ke1 Qb1+ 53. Kd2 Ka6 54. Ra3 Qb2+ 55. Kd3 Qb1+ 56. Kd2 Qb2+ 57. Kd3 Qb1+ {Accuracy: White = 57%, Black = 52%.} 1/2-1/2

[Event "EYCC Open-U18 2019"]
[Site "Bratislava"]
[Date "2019.08.05"]
[Round "4.36"]
[White "Pobor, Danilo"]
[Black "Heimisson, Hilmir Freyr"]
[Result "0-1"]
[WhiteElo "1996"]
[BlackElo "2279"]
[Annotator "NA"]
[PlyCount "66"]
[EventDate "2019.08.02"]
[EventType "swiss"]
[EventCountry "SVK"]
[SourceTitle "playchess.com"]
[Source "ChessBase"]
[SourceQuality "1"]
[TimeControl "40/5400+30:1800+30"]

1. d4 {[%emt 0:00:00]} e6 {[%emt 0:00:00]} 2. Nf3 {[%emt 0:00:00]} c5 {[%emt 0:00:00]} 3. c4 {[%emt 0:00:50]} cxd4 {[%emt 0:00:18]} 4. Nxd4 {[%emt 0:00:05]} Nf6 {[%emt 0:00:05]} 5. Nc3 {[%emt 0:00:08]} Nc6 {[%emt 0:00:09]} 6. e4 {[%emt 0:00:49]} Bb4 {[%emt 0:00:19]} 7. f3 {[%emt 0:05:19]} d5 {[%emt 0:29:27]} 8. exd5 {[%emt 0:27:20]} exd5 {[%emt 0:00:53]} 9. cxd5 {[%emt 0:06:14]} Nxd5 {[%emt 0:08:27]} 10. Nxc6 {[%emt 0:02:16]} bxc6 {[%emt 0:01:03]} 11. Bd2 {[%emt 0:01:16]} O-O {[%emt 0:09:28]} 12. Be2 {[%emt 0:12:24]} Bc5 {[%emt 0:15:55]} 13. Ne4 {[%emt 0:02:01]} Bb6 {[%emt 0:00:14]} 14. Qc2 {[%emt 0:00:36]} Ne3 {[%emt 0:06:00]} 15. Bxe3 {[%emt 0:05:48]} Bxe3 {[%emt 0:00:07]} 16. Rd1 {[%emt 0:01:13]} Qh4+ {[%emt 0:04:32]} 17. g3 {[%emt 0:03:14]} Qh3 {[%emt 0:00:42]} 18. Bc4 {[%emt 0:02:47]} Bf5 {[%emt 0:05:55]} 19. Qe2 {[%emt 0:02:02]} Bxe4 {[%emt 0:03:23]} 20. Qxe3 {[%emt 0:00:25]} Bc2 {[%emt 0:00:21]} 21. Bf1 {[%emt 0:03:10]} Qh5 {[%emt 0:00:32]} 22. Rd7 {[%emt 0:01:02]} Rae8 {[%emt 0:01:08]} 23. Re7 {[%emt 0:00:46]} Rxe7 {[%emt 0:00:07]} 24. Qxe7 {[%emt 0:00:08]} Qxf3 {[%emt 0:00:11]} 25. Rg1 {[%emt 0:00:15]} Qd1+ {[%emt 0:00:41]} 26. Kf2 {[%emt 0:00:08]} Qd4+ {[%emt 0:00:07]} 27. Qe3 {[%emt 0:00:30]} Qxb2 {[%emt 0:00:18]} 28. Be2 {[%emt 0:00:51]} Qxa2 {[%emt 0:01:44]} 29. Rc1 {[%emt 0:00:17]} Ba4 {[%emt 0:04:07]} 30. Qxa7 {[%emt 0:00:22]} Re8 {[%emt 0:00:32]} 31. Re1 {[%emt 0:00:02]} Qc2 {[%emt 0:01:38]} 32. Kg1 {[%emt 0:03:35]} h6 {[%emt 0:01:55]} 33. Qd7 {[%emt 0:01:06]} Qe4 {[%emt 0:01:36]} 0-1

[Event "EYCC Open-U18 2019"]
[Site "Bratislava"]
[Date "2019.08.05"]
[Round "4.37"]
[White "Castillo Dalmau, Albert"]
[Black "Sousa, Hugo Carneiro"]
[Result "1/2-1/2"]
[WhiteElo "2252"]
[BlackElo "2130"]
[Annotator "NA"]
[PlyCount "95"]
[EventDate "2019.08.02"]
[EventType "swiss"]
[EventCountry "SVK"]
[SourceTitle "playchess.com"]
[Source "ChessBase"]
[SourceQuality "1"]
[TimeControl "40/5400+30:1800+30"]

1. Nf3 {[%emt 0:00:04]} Nf6 {[%emt 0:00:00]} 2. g3 {[%emt 0:00:16]} g6 {[%emt 0:00:00]} 3. Bg2 {[%emt 0:00:07]} Bg7 {[%emt 0:00:00]} 4. c4 {[%emt 0:00:04]} O-O {[%emt 0:00:09]} 5. O-O {[%emt 0:00:06]} d6 {[%emt 0:00:06]} 6. d4 {[%emt 0:00:48]} Nc6 {[%emt 0:00:10]} 7. Nc3 {[%emt 0:00:26]} a6 {[%emt 0:00:19]} 8. d5 {[%emt 0:00:49]} Na5 {[%emt 0:01:04]} 9. b3 {[%emt 0:00:07]} c5 {[%emt 0:08:27]} 10. dxc6 {[%emt 0:00:18]} Ne4 {[%emt 0:07:21]} 11. c7 {[%emt 0:05:13]} Qxc7 {[%emt 0:03:21]} 12. Nd5 {[%emt 0:00:50]} Qd8 {[%emt 0:01:45]} 13. Nd4 {[%emt 0:31:31]} Nc5 {[%emt 0:05:50]} 14. Bb2 {[%emt 0:03:40]} Ne6 {[%emt 0:06:38]} 15. Nxe6 {[%emt 0:09:12]} Bxe6 {[%emt 0:01:00]} 16. Bxg7 {[%emt 0:00:02]} Kxg7 {[%emt 0:00:31]} 17. b4 {[%emt 0:06:25]} Nc6 {[%emt 0:04:38]} 18. b5 {[%emt 0:00:05]} Ne5 {[%emt 0:05:04]} 19. Qd4 {[%emt 0:00:18]} Kg8 {[%emt 0:01:06]} 20. Nb6 {[%emt 0:13:41]} Rb8 {[%emt 0:04:15]} 21. a4 {[%emt 0:01:47]} a5 {[%emt 0:02:18]} 22. Rfc1 {[%emt 0:01:25]} Nd7 {[%emt 0:03:32]} 23. Nxd7 {[%emt 0:00:05]} Qxd7 {[%emt 0:00:07]} 24. c5 {[%emt 0:00:14]} dxc5 {[%emt 0:01:53]} 25. Qxd7 {[%emt 0:02:09]} Bxd7 {[%emt 0:00:07]} 26. Rxc5 {[%emt 0:00:04]} Rfc8 {[%emt 0:02:57]} 27. Rxc8+ {[%emt 0:00:23]} Bxc8 {[%emt 0:00:11]} 28. Rc1 {[%emt 0:01:21]} b6 {[%emt 0:01:53]} 29. Rc7 {[%emt 0:01:48]} Kf8 {[%emt 0:00:38]} 30. Bd5 {[%emt 0:00:37]} Bf5 {[%emt 0:05:15]} 31. e4 {[%emt 0:04:15]} Bg4 {[%emt 0:02:41]} 32. Kg2 {[%emt 0:05:33]} Bd1 {[%emt 0:01:24]} 33. Bc6 {[%emt 0:00:23]} Bxa4 {[%emt 0:01:52]} 34. Kf3 {[%emt 0:00:23]} Bb3 {[%emt 0:03:20]} 35. Ra7 {[%emt 0:00:28]} f6 {[%emt 0:02:46]} 36. Ke3 {[%emt 0:00:23]} Kf7 {[%emt 0:01:51]} 37. Kd4 {[%emt 0:00:28]} Ke6 {[%emt 0:03:06]} 38. f4 {[%emt 0:02:08]} h5 {[%emt 0:05:17]} 39. Kc3 {[%emt 0:02:55]} Bd1 {[%emt 0:02:03]} 40. Kd4 {[%emt 0:00:00]} Bb3 {[%emt 0:00:00]} 41. Kc3 {[%emt 0:00:34]} a4 {[%emt 0:28:23]} 42. Kd4 {[%emt 0:03:23]} Rd8+ {[%emt 0:00:40]} 43. Kc3 {[%emt 0:00:40]} Kd6 {[%emt 0:02:34]} 44. Kb4 {[%emt 0:00:28]} Rb8 {[%emt 0:01:29]} 45. Rd7+ {[%emt 0:00:34]} Ke6 {[%emt 0:00:13]} 46. Ra7 {[%emt 0:00:02]} Kd6 {[%emt 0:04:48]} 47. Rd7+ {[%emt 0:00:06]} Ke6 {[%emt 0:00:08]} 48. Ra7 {[%emt 0:00:03] Kd5} 1/2-1/2

[Event "EYCC Open-U18 2019"]
[Site "Bratislava"]
[Date "2019.08.05"]
[Round "4.38"]
[White "Gray, Euan"]
[Black "Kizatbay, Abyl"]
[Result "1-0"]
[WhiteElo "2004"]
[BlackElo "2216"]
[Annotator "NA"]
[PlyCount "105"]
[EventDate "2019.08.02"]
[EventType "swiss"]
[EventCountry "SVK"]
[SourceTitle "playchess.com"]
[Source "ChessBase"]
[SourceQuality "1"]
[TimeControl "40/5400+30:1800+30"]

1. d4 {[%emt 0:00:00]} Nf6 {[%emt 0:00:00]} 2. c4 {[%emt 0:00:00]} c5 {[%emt 0:00:00]} 3. d5 {[%emt 0:00:00]} b5 {[%emt 0:00:01]} 4. cxb5 {[%emt 0:00:00]} a6 {[%emt 0:00:05]} 5. bxa6 {[%emt 0:00:00]} g6 {[%emt 0:00:13]} 6. Nc3 {[%emt 0:00:47]} Bg7 {[%emt 0:00:33]} 7. Nf3 {[%emt 0:01:08]} O-O {[%emt 0:04:23]} 8. a7 {[%emt 0:02:43]} Rxa7 {[%emt 0:00:35]} 9. e4 {[%emt 0:00:06]} e6 {[%emt 0:00:39]} 10. Be2 {[%emt 0:00:27]} exd5 {[%emt 0:01:14]} 11. exd5 {[%emt 0:00:20]} d6 {[%emt 0:00:06]} 12. O-O {[%emt 0:01:43]} Na6 13. Nd2 Bf5 {[%emt 0:14:26]} 14. Nc4 {[%emt 0:18:18]} Nb4 {[%emt 0:11:53]} 15. Bf4 {[%emt 0:15:37]} Ne8 {[%emt 0:15:32]} 16. Ne3 {[%emt 0:09:46]} Bc8 {[%emt 0:11:05]} 17. a3 {[%emt 0:03:26]} Na6 {[%emt 0:00:54]} 18. Nc4 {[%emt 0:06:20]} g5 {[%emt 0:02:31]} 19. Be3 {[%emt 0:01:59]} f5 {[%emt 0:00:55]} 20. f4 {[%emt 0:03:36]} g4 {[%emt 0:04:24]} 21. Qd2 {[%emt 0:04:29]} Re7 {[%emt 0:01:52]} 22. Rfe1 {[%emt 0:02:24]} Bf6 {[%emt 0:06:08]} 23. Bf2 {[%emt 0:04:17]} h5 {[%emt 0:00:27]} 24. Bd3 {[%emt 0:02:13]} Rh7 {[%emt 0:01:10]} 25. Ne3 {[%emt 0:03:57]} Ng7 {[%emt 0:00:33]} 26. Qc2 {[%emt 0:00:56]} Kh8 {[%emt 0:01:21]} 27. g3 {[%emt 0:01:52]} h4 {[%emt 0:00:52]} 28. Kg2 {[%emt 0:03:43]} Nc7 {[%emt 0:01:36]} 29. b4 {[%emt 0:01:18]} Bb7 {[%emt 0:03:15]} 30. Bc4 {[%emt 0:03:24]} Nce6 {[%emt 0:00:40]} 31. Qd3 {[%emt 0:01:38]} Nh5 {[%emt 0:04:58]} 32. Ne2 {[%emt 0:03:35]} Bxa1 {[%emt 0:01:21]} 33. Rxa1 {[%emt 0:00:01]} Qf6 {[%emt 0:00:20]} 34. Rb1 {[%emt 0:00:53]} hxg3 {[%emt 0:01:59]} 35. hxg3 {[%emt 0:00:12]} Qh6 {[%emt 0:01:52]} 36. Nxf5 {[%emt 0:02:34]} Rxf5 {[%emt 0:08:54]} 37. Qxf5 {[%emt 0:02:33]} Nhxf4+ {[%emt 0:00:07]} 38. Kf1 {[%emt 0:00:42]} Qh1+ {[%emt 0:00:29]} 39. Ng1 {[%emt 0:01:14]} Rh2 {[%emt 0:00:39]} 40. Rb2 {[%emt 0:00:00]} Bxd5 {[%emt 0:00:00]} 41. Bxd5 {[%emt 0:08:34]} Qxd5 {[%emt 0:09:47]} 42. Qxd5 {[%emt 0:03:07]} Nxd5 {[%emt 0:02:26]} 43. Bd4+ {[%emt 0:01:15]} cxd4 {[%emt 0:00:16]} 44. Rxh2+ {[%emt 0:00:10]} Kg7 {[%emt 0:00:04]} 45. Ke2 {[%emt 0:01:34]} Ne3 {[%emt 0:03:26]} 46. Kd3 {[%emt 0:00:20]} Nf5 {[%emt 0:00:11]} 47. Ne2 {[%emt 0:00:45]} Ng5 {[%emt 0:00:08]} 48. Rf2 {[%emt 0:02:28]} Kg6 {[%emt 0:00:43]} 49. Rf4 {[%emt 0:02:22]} Nh3 {[%emt 0:00:41]} 50. Rxg4+ {[%emt 0:01:58]} Kf7 {[%emt 0:02:21]} 51. Kd2 {[%emt 0:00:26]} d3 {[%emt 0:00:14]} 52. Nc1 {[%emt 0:00:19]} Nf2 {[%emt 0:00:32]} 53. Rf4 {[%emt 0:00:10]} 1-0

[Event "EYCC Open-U18 2019"]
[Site "Bratislava"]
[Date "2019.08.05"]
[Round "4.39"]
[White "Hurdzan, Tomas"]
[Black "Alivodic, Dario"]
[Result "1-0"]
[WhiteElo "2231"]
[BlackElo "2120"]
[Annotator "NA"]
[PlyCount "121"]
[EventDate "2019.08.02"]
[EventType "swiss"]
[EventCountry "SVK"]
[SourceTitle "playchess.com"]
[Source "ChessBase"]
[SourceQuality "1"]
[TimeControl "40/5400+30:1800+30"]

1. e4 {[%emt 0:00:00]} e6 {[%emt 0:00:00]} 2. d4 {[%emt 0:00:00]} d5 {[%emt 0:00:00]} 3. Nd2 {[%emt 0:00:00]} Nf6 {[%emt 0:00:00]} 4. e5 {[%emt 0:00:00]} Nfd7 {[%emt 0:00:00]} 5. Bd3 {[%emt 0:00:00]} c5 {[%emt 0:00:00]} 6. c3 {[%emt 0:00:04]} Nc6 {[%emt 0:00:00]} 7. Ne2 {[%emt 0:00:10]} cxd4 {[%emt 0:00:00]} 8. cxd4 {[%emt 0:00:04]} f6 {[%emt 0:00:00]} 9. exf6 {[%emt 0:00:19]} Nxf6 {[%emt 0:00:00]} 10. Nf3 {[%emt 0:00:15]} Bd6 {[%emt 0:00:00]} 11. O-O {[%emt 0:00:09]} O-O {[%emt 0:00:00]} 12. Bf4 {[%emt 0:00:16]} Bxf4 {[%emt 0:00:02]} 13. Nxf4 {[%emt 0:00:07]} Ne4 {[%emt 0:00:03]} 14. Qc1 {[%emt 0:00:11]} Ng5 {[%emt 0:00:04]} 15. Nxg5 {[%emt 0:00:05]} Qxg5 {[%emt 0:00:02]} 16. Ne2 {[%emt 0:00:13]} Qf6 {[%emt 0:02:41]} 17. Qd2 {[%emt 0:02:08]} e5 {[%emt 0:12:58]} 18. dxe5 {[%emt 0:00:11]} Nxe5 {[%emt 0:00:34]} 19. Bc2 {[%emt 0:02:19]} Be6 {[%emt 0:01:05]} 20. Nd4 {[%emt 0:01:21]} Bf7 {[%emt 0:03:38]} 21. b3 {[%emt 0:09:59]} Bg6 {[%emt 0:06:09]} 22. Bxg6 {[%emt 0:02:19]} Qxg6 {[%emt 0:03:42]} 23. Rfe1 {[%emt 0:04:00]} Rae8 {[%emt 0:03:48]} 24. Rad1 {[%emt 0:02:52]} Nc6 {[%emt 0:17:15]} 25. Ne2 {[%emt 0:11:36]} Rd8 {[%emt 0:04:50]} 26. Nf4 {[%emt 0:09:26]} Qg5 {[%emt 0:00:34]} 27. Nxd5 {[%emt 0:08:11]} Qxd2 {[%emt 0:00:53]} 28. Rxd2 {[%emt 0:00:09]} Nb4 {[%emt 0:01:38]} 29. Red1 {[%emt 0:01:18]} Nxd5 {[%emt 0:00:07]} 30. Rxd5 {[%emt 0:00:05]} Rxd5 {[%emt 0:00:02]} 31. Rxd5 {[%emt 0:00:07]} Rc8 {[%emt 0:00:06]} 32. g3 {[%emt 0:00:46]} Rc2 {[%emt 0:00:20]} 33. a4 {[%emt 0:03:02]} b6 {[%emt 0:02:25]} 34. Rd8+ {[%emt 0:02:13]} Kf7 {[%emt 0:00:01]} 35. Rd7+ {[%emt 0:00:07]} Kg6 {[%emt 0:00:28]} 36. Rxa7 {[%emt 0:01:46]} Rb2 {[%emt 0:00:04]} 37. Ra6 {[%emt 0:00:40]} Rxb3 {[%emt 0:00:05]} 38. a5 {[%emt 0:00:05]} Ra3 {[%emt 0:00:18]} 39. Rxb6+ {[%emt 0:00:05]} Kh5 {[%emt 0:01:08]} 40. a6 {[%emt 0:00:00]} g5 {[%emt 0:00:00]} 41. h3 {[%emt 0:05:00]} g4 {[%emt 0:00:50]} 42. Rb5+ {[%emt 0:17:24]} Kg6 {[%emt 0:00:12]} 43. Rb6+ Kh5 44. hxg4+ {[%emt 0:00:53]} Kxg4 {[%emt 0:00:38]} 45. Rh6 {[%emt 0:00:59]} Kf3 {[%emt 0:00:24]} 46. Rf6+ {[%emt 0:02:01]} Kg4 {[%emt 0:00:24]} 47. Rh6 {[%emt 0:00:05]} Kf3 {[%emt 0:00:06]} 48. Rxh7 {[%emt 0:00:56]} Ra1+ {[%emt 0:00:02]} 49. Kh2 {[%emt 0:00:06]} Kxf2 {[%emt 0:00:03]} 50. Rf7+ {[%emt 0:00:03]} Ke3 {[%emt 0:00:10]} 51. a7 {[%emt 0:00:05]} Ke4 {[%emt 0:00:05]} 52. g4 {[%emt 0:01:41]} Ke5 {[%emt 0:00:45]} 53. g5 {[%emt 0:00:28]} Ke6 {[%emt 0:00:15]} 54. g6 {[%emt 0:00:07]} Ra5 {[%emt 0:00:21]} 55. Kh3 {[%emt 0:01:42]} Ra4 {[%emt 0:00:52]} 56. Rb7 {[%emt 0:02:20]} Kf6 {[%emt 0:00:12]} 57. g7 {[%emt 0:00:07]} Ra3+ {[%emt 0:00:05]} 58. Kg2 {[%emt 0:00:50]} Ra2+ {[%emt 0:00:06]} 59. Kf3 {[%emt 0:00:05]} Ra4 {[%emt 0:00:09]} 60. g8=Q {[%emt 0:00:41]} Rf4+ {[%emt 0:00:06] Ke4} 61. Ke2 {[%emt 0:00:22]} 1-0

[Event "EYCC Open-U18 2019"]
[Site "Bratislava"]
[Date "2019.08.05"]
[Round "4.40"]
[White "Cordeiro, Joao Carlos Santos F"]
[Black "Ghersinich, Enrico"]
[Result "1/2-1/2"]
[WhiteElo "1924"]
[BlackElo "2221"]
[Annotator "NA"]
[PlyCount "122"]
[EventDate "2019.08.02"]
[EventType "swiss"]
[EventCountry "SVK"]
[SourceTitle "playchess.com"]
[Source "ChessBase"]
[SourceQuality "1"]
[TimeControl "40/5400+30:1800+30"]

1. e4 {[%emt 0:00:00]} e6 {[%emt 0:00:00]} 2. d4 {[%emt 0:00:00]} d5 {[%emt 0:00:06]} 3. Nd2 {[%emt 0:00:19]} Nf6 {[%emt 0:00:33]} 4. e5 {[%emt 0:00:09]} Nfd7 {[%emt 0:00:14]} 5. Bd3 {[%emt 0:00:23]} c5 {[%emt 0:00:19]} 6. c3 {[%emt 0:00:14]} Nc6 {[%emt 0:00:09]} 7. Ne2 {[%emt 0:00:10]} cxd4 {[%emt 0:00:49]} 8. cxd4 {[%emt 0:00:07]} f6 {[%emt 0:00:10]} 9. exf6 {[%emt 0:00:12]} Qxf6 {[%emt 0:00:12]} 10. Nf3 {[%emt 0:02:44]} Bd6 {[%emt 0:00:27]} 11. Bg5 {[%emt 0:07:10]} Qf7 {[%emt 0:00:14]} 12. O-O {[%emt 0:02:47]} O-O {[%emt 0:00:28]} 13. Bh4 {[%emt 0:02:10]} h6 {[%emt 0:06:20]} 14. Rc1 {[%emt 0:05:00]} Re8 {[%emt 0:01:32]} 15. Bg3 {[%emt 0:03:28]} Qe7 {[%emt 0:09:14]} 16. Bb1 {[%emt 0:06:07]} Nf8 {[%emt 0:03:37]} 17. a3 {[%emt 0:02:40]} Bd7 {[%emt 0:02:27]} 18. Re1 {[%emt 0:04:45]} a5 {[%emt 0:06:08]} 19. Nc3 {[%emt 0:07:04]} Bxg3 {[%emt 0:00:30]} 20. hxg3 {[%emt 0:00:11]} Qf6 {[%emt 0:01:38]} 21. Qd3 {[%emt 0:08:22]} Rec8 {[%emt 0:08:18]} 22. Ne5 {[%emt 0:11:00]} Nxe5 {[%emt 0:01:16]} 23. Rxe5 {[%emt 0:05:36]} b5 {[%emt 0:01:39]} 24. Ree1 {[%emt 0:06:37]} Rc4 {[%emt 0:03:37]} 25. Ne2 {[%emt 0:01:08]} Rac8 {[%emt 0:01:18]} 26. b3 {[%emt 0:01:29]} Rxc1 {[%emt 0:00:38]} 27. Rxc1 {[%emt 0:00:08]} Rxc1+ {[%emt 0:00:14]} 28. Nxc1 {[%emt 0:00:05]} Qe7 {[%emt 0:00:12]} 29. Qc2 {[%emt 0:11:14]} Qxa3 {[%emt 0:00:43]} 30. Nd3 {[%emt 0:00:04]} Be8 {[%emt 0:01:13]} 31. Ne5 {[%emt 0:01:49]} Qa1 {[%emt 0:00:18]} 32. Qd3 {[%emt 0:05:23]} a4 {[%emt 0:00:36]} 33. bxa4 {[%emt 0:01:24]} bxa4 {[%emt 0:00:14]} 34. Kh2 {[%emt 0:01:17]} a3 {[%emt 0:00:31]} 35. Qb3 {[%emt 0:01:14]} Qxd4 {[%emt 0:00:47]} 36. Qb8 {[%emt 0:00:38]} Bh5 {[%emt 0:05:11]} 37. Nd7 {[%emt 0:01:55]} Qxf2 {[%emt 0:00:23]} 38. Nxf8 {[%emt 0:01:36]} Qb2 {[%emt 0:29:56]} 39. Qxb2 {[%emt 0:01:49]} axb2 {[%emt 0:01:23]} 40. Nxe6 {[%emt 0:00:00]} g5 {[%emt 0:00:00]} 41. Nc7 {[%emt 0:08:51]} Bf7 {[%emt 0:03:10]} 42. Kg1 {[%emt 0:06:12]} Kg7 {[%emt 0:01:12]} 43. Nb5 {[%emt 0:00:41]} Bg6 {[%emt 0:07:26]} 44. Na3 {[%emt 0:00:06]} Be4 {[%emt 0:03:22]} 45. Bxe4 {[%emt 0:06:32]} dxe4 {[%emt 0:00:07]} 46. Kf2 {[%emt 0:00:30]} Kf6 {[%emt 0:03:30]} 47. g4 {[%emt 0:00:19]} Ke5 {[%emt 0:00:23]} 48. Ke3 {[%emt 0:00:12]} Kd5 {[%emt 0:00:06]} 49. g3 {[%emt 0:00:40]} Kc5 {[%emt 0:00:06]} 50. Kxe4 {[%emt 0:01:01]} Kb4 {[%emt 0:00:44]} 51. Nb1 {[%emt 0:00:20]} Kc4 {[%emt 0:00:29]} 52. Ke3 {[%emt 0:01:29]} Kb3 {[%emt 0:02:15]} 53. Kd3 {[%emt 0:00:39]} Kb4 {[%emt 0:00:05]} 54. Nd2 {[%emt 0:01:09]} Kc5 {[%emt 0:00:06]} 55. Kc3 {[%emt 0:04:26]} Kd5 {[%emt 0:00:01]} 56. Kd3 {[%emt 0:00:13]} Kc5 {[%emt 0:00:10]} 57. Ke4 {[%emt 0:00:50]} Kb5 {[%emt 0:00:41]} 58. Kd5 {[%emt 0:00:37]} Kb4 {[%emt 0:00:16]} 59. Kd4 {[%emt 0:00:09]} Kb5 {[%emt 0:00:03]} 60. Kc3 {[%emt 0:04:08]} Kc5 {[%emt 0:00:01]} 61. Kd3 {[%emt 0:01:03]} Kd5 {Kd4+} 1/2-1/2

[Event "EYCC Open-U18 2019"]
[Site "Bratislava"]
[Date "2019.08.06"]
[Round "5.1"]
[White "Hakobyan, Aram"]
[Black "Kaasen, Tor Fredrik"]
[Result "1/2-1/2"]
[WhiteElo "2568"]
[BlackElo "2376"]
[Annotator "ChessBase"]
[PlyCount "69"]
[EventDate "2019.08.02"]
[EventType "swiss"]
[EventCountry "SVK"]
[SourceTitle "playchess.com"]
[Source "ChessBase"]
[SourceQuality "1"]
[TimeControl "40/5400+30:1800+30"]

1. c4 {[%emt 0:00:00]} c5 {[%emt 0:00:11]} 2. Nf3 {[%emt 0:00:00]} Nc6 {[%emt 0:00:13]} 3. Nc3 {[%emt 0:00:36]} g6 {[%emt 0:00:27]} 4. e3 {[%emt 0:02:27]} Nf6 {[%emt 0:00:31]} 5. d4 {[%emt 0:00:07]} cxd4 {[%emt 0:00:18]} 6. exd4 {[%emt 0:00:07]} d5 {[%emt 0:00:06]} 7. cxd5 {[%emt 0:00:05]} Nxd5 {[%emt 0:00:05]} 8. Qb3 {[%emt 0:00:09]} Nxc3 {[%emt 0:00:38]} 9. Bc4 {[%emt 0:00:03]} e6 {[%emt 0:00:08]} 10. bxc3 {[%emt 0:00:13]} Bd7 {[%emt 0:00:08]} 11. Bb5 {[%emt 0:07:14]} Bg7 {[%emt 0:03:55]} 12. Ba3 {[%emt 0:03:10]} Bf8 {[%emt 0:01:51]} 13. Bc1 {[%emt 0:01:25]} Bg7 {[%emt 0:00:07]} 14. Ba3 {[%emt 0:01:09]} Bf8 {[%emt 0:00:26]} 15. Bxf8 {[%emt 0:02:49]} Kxf8 {[%emt 0:00:10]} 16. O-O {[%emt 0:00:20]} Kg7 {[%emt 0:02:47]} 17. a4 {[%emt 0:12:54]} Rc8 {[%emt 0:02:43]} 18. Rfd1 {[%emt 0:05:55]} Qc7 {[%emt 0:05:31]} 19. c4 {[%emt 0:06:17]} Rhd8 {[%emt 0:14:48]} 20. Qb2 {[%emt 0:08:38]} Kg8 {[%emt 0:02:19]} 21. d5 {[%emt 0:01:20]} Na5 {[%emt 0:04:50]} 22. d6 {[%emt 0:06:36]} Qb6 {[%emt 0:08:00]} 23. Qf6 {[%emt 0:12:54]} Bxb5 {[%emt 0:10:03]} 24. Ng5 {[%emt 0:08:53]} Rf8 {[%emt 0:10:53]} 25. cxb5 {[%emt 0:02:23]} Qd8 {[%emt 0:06:57]} 26. Qf4 {[%emt 0:01:20]} Rc4 {[%emt 0:01:20]} 27. Qe3 {[%emt 0:01:23]} Qf6 {[%emt 0:02:02]} 28. Nf3 {[%emt 0:01:32]} Qf4 {[%emt 0:05:24]} 29. Qxa7 {[%emt 0:04:09]} Rxa4 {[%emt 0:00:34]} 30. d7 {[%emt 0:05:35]} Rd8 {[%emt 0:02:29]} 31. Qc5 {[%emt 0:00:25]} Rxa1 {[%emt 0:07:29]} 32. Rxa1 {[%emt 0:00:03]} Nb3 {[%emt 0:00:05]} 33. Qc8 {[%emt 0:04:16]} Qb8 {[%emt 0:00:10]} 34. Qxb8 {[%emt 0:00:04]} Rxb8 {[%emt 0:00:03]} 35. Ra3 {[%emt 0:02:10]} 1/2-1/2